000 00358 a2200145 4500
001 181552
020 _a
040 _cMagnum
100 _aRegina, Tia.
240 1 0 _aLendas do rio sao francisco - a festa no ceu
_lpor
245 1 0 _aLendas do rio sao francisco - a festa no ceu
362 0 _a1899
697 _aMAGNITO: IJ/LENDAS, FOLCLORE
942 _cBK
999 _c181552
_d181552